000 00767nam a2200229Ia 4500
003 GCL
008 140319s9999 xx 000 0 ara d
040 _aGCL /
_cGCL
082 0 4 _a153.35
_bى س
100 1 _aيوسف ميخائيل اسعد
245 1 0 _aسيكولوجية الابداع فى الفن والادب /
_cيوسف ميخائيل اسعد
260 _a[S.N] :
_bالهيئة المصرية العامة للكتاب ،
_c1986
300 _a295 ص
490 _aدراسات ادبية
_v0
650 0 4 _aالموهبة
650 0 4 _aالابداع الادبى والفنى
650 0 4 _aالقدرة الخلاقة
650 0 4 _aالابتكار
650 0 4 _aالتخيل الابداعى
650 0 4 _aالابداع
942 _2ddc
_cBK
999 _c28630
_d28630